00616 2200205 4500001002100000008004100021035002000062245012500082100002800207700001500235250001000250260003800260300002100298020002200319084001700341082001100358650001700369990001200386990001200398INLIS000000000015212 ind  a0010-1222000291 aTaman Orang-Orang Jatuh Cinta, Dan Rekeasi Orang-Orang Dimabuk CintacIbnu Qayyim Al-Juziyah;editor; Sumbodo, Eni Oesman aIBNU, Qayyim Al-Juziyah aENI,Oesman acet.2 aDepok :bSenja Media Utama,c2017 a930 hlm.c24 cm. a978-602-6563-37-8 a297.14 IBN t a297.14 aISLAM, FIQIH a10015 a a10015 b